| 000 | 01058nam a2200265 4500 | ||
|---|---|---|---|
| 001 | 6029 | ||
| 010 | _a9789899918863 | ||
| 021 | _b418905/16 | ||
| 090 | _a6029 | ||
| 100 | _a20250930d2016 bc y0pory50030103ba | ||
| 200 | 1 |
_aEstafeta júnior 221 _fGisela Silva, Sandra Fernandes |
|
| 205 | _a2ª ed | ||
| 210 | 9 |
_a[S.l.] _cPaleta de Letras _d2016 |
|
| 215 |
_a[20] p., [4] p. desdobr. _ctodo il. |
||
| 225 | 2 | _aPor dentro | |
| 330 | _aEra uma vez uma menina que vivia numa nuvem. Não era uma nuvem qualquer, mas um sítio tranquilo e especial que os adultos chamam de ÚTERO. A menina sentia-se protegida e aconchegada por borboletas-palavras que saíam das histórias que a mãe lhe contava. Alimentava-se, brincava e crescia. Até que um dia bateram à porta... | ||
| 606 |
_914 _aLiteratura infantil |
||
| 606 |
_915 _aLiteratura Portuguesa |
||
| 675 |
_a82-93 _vBN _zpor |
||
| 675 |
_a821.134.3 _vBN _zpor |
||
| 700 |
_aSilva _bGisela _95719 |
||
| 701 |
_94071 _aFernandes _bSandra |
||
| 801 | 0 |
_aPT _bBEN2VN _gRPC |
|
| 830 |
_cTânia Croca _d30/09/2025 |
||
| 990 | _cLIVROS | ||